[Event "19th Zadar Open A"]
[Site "Zadar CRO"]
[Date "2012.12.22"]
[Round "9.15"]
[White "Vlahov,D"]
[Black "Piskur,M"]
[Result "1-0"]
[WhiteElo "2228"]
[BlackElo "2322"]

1.Nf3 f5 2.g3 Nf6 3.Bg2 g6 4.O-O Bg7 5.d4 O-O 6.c4 d6 7.Nc3 c6 8.Qc2 Na6
9.a3 Qe8 10.b4 e5 11.b5 exd4 12.Nxd4 Ne4 13.Nxe4 fxe4 14.bxa6 Bxd4 15.axb7 Bxb7
16.Rb1 Bc8 17.e3 Be5 18.Bxe4 Bh3 19.Bg2 Bf5 20.e4 Be6 21.Be3 Qf7 22.c5 d5
23.Qa4 d4 24.Bxd4 Bb3 25.Qb4 Bxd4 26.Qxd4 Rad8 27.Qe3 Bc2 28.Rb2 Ba4 29.Rd2 Rxd2
30.Qxd2 Rb8 31.Qd4 Bb3 32.Qd6 Rc8 33.f4 Qe8 34.e5 Rd8 35.Qxc6 Qf7 36.Qf6 Qc7
37.c6 Bc4 38.Rc1 Qb6+ 39.Kh1 Re8 40.h4 Be6 41.c7 Qa6 42.Rc6 Qc8 43.Rxe6 Rf8
44.Qe7  1-0

[Event "25th Staufer Open"]
[Site "Schwaebisch Gmuend GER"]
[Date "2013.01.02"]
[Round "2.14"]
[White "Bartonicek,Z sr"]
[Black "Manakov,I"]
[Result "0-1"]
[WhiteElo "2042"]
[BlackElo "2345"]

1.Nf3 f5 2.d4 Nf6 3.g3 g6 4.Bg2 Bg7 5.O-O O-O 6.c4 d6 7.Nc3 Nc6 8.Rb1 e5
9.d5 Ne7 10.c5 h6 11.cxd6 cxd6 12.Qb3 Kh8 13.Rd1 g5 14.Bd2 f4 15.Be1 Nf5
16.Kh1 g4 17.Nh4 Nxh4 18.gxh4 Bf5 19.Rbc1 Nh5 20.Nb5 Rf7 21.f3 g3 22.hxg3 fxg3
23.Qb4 e4 24.Qxd6 Qxh4+ 25.Kg1 Qh2+ 26.Kf1 Bh3  0-1

[Event "Prague Open A 2013"]
[Site "Prague CZE"]
[Date "2013.01.10"]
[Round "2.67"]
[White "Strand,O"]
[Black "Maltsev,L"]
[Result "1/2-1/2"]
[WhiteElo "1853"]
[BlackElo "2015"]

1.d4 f5 2.g3 Nf6 3.Bg2 g6 4.Nf3 Bg7 5.O-O O-O 6.c4 d6 7.Nc3 Qe8 8.e4 fxe4
9.Ng5 Nc6 10.Be3 e5 11.d5 Na5 12.b3 b6 13.h3 Nb7 14.Ngxe4 Nxe4 15.Nxe4 Nc5
16.Nxc5 bxc5 17.Qd2 Rf7 18.Rae1 Qf8 19.f4 exf4 20.Bxf4 Bf5 21.g4 Bd7 22.Bg5 Re8
23.Rxf7 Rxe1+ 24.Qxe1 Qxf7 25.Qe7 Bd4+ 26.Kh1 Qxe7 27.Bxe7 Bc3 28.Bd8 Ba5
29.Bf6 Kf7 30.Bb2 h5 31.Bf3 hxg4 32.hxg4 Bd2 33.Kg2 g5  1/2-1/2

[Event "PSC Cup 2013"]
[Site "Manila PHI"]
[Date "2013.01.14"]
[Round "1.9"]
[White "Nolte,R"]
[Black "Mejia,Giovanni"]
[Result "1-0"]
[WhiteElo "2460"]
[BlackElo "2131"]

1.Nf3 f5 2.g3 Nf6 3.Bg2 g6 4.O-O Bg7 5.d4 O-O 6.c4 d6 7.Nc3 c6 8.Qc2 Na6
9.a3 Qe8 10.d5 cxd5 11.cxd5 Kh8 12.Be3 Bd7 13.Rad1 Rc8 14.Ng5 Nc5 15.Bd4 h6
16.Ne6 Bxe6 17.dxe6 b6 18.Bxc5 Rxc5 19.Qb3 g5 20.e3 f4 21.exf4 gxf4 22.Ne2 fxg3
23.fxg3 Ng4 24.Rxf8+ Qxf8 25.Nf4 Qf6 26.h3 Ne5 27.Qa4 a5 28.Rf1 Rc8 29.Qe4 Qg5
30.Kh2 Bf6 31.h4 Qg7 32.Bh3 Rg8 33.Nh5 Qh7 34.Bf5 Ng6 35.Nxf6 exf6  1-0

[Event "ch-TUR 2013"]
[Site "Antalya TUR"]
[Date "2013.02.03"]
[Round "2.27"]
[White "Hadjiyev,S"]
[Black "Cevrin,M"]
[Result "0-1"]
[WhiteElo "2099"]
[BlackElo "1824"]

1.d4 f5 2.g3 Nf6 3.Bg2 g6 4.c4 Bg7 5.Nf3 O-O 6.O-O d6 7.Nc3 Qe8 8.d5 Na6
9.Nd4 Bd7 10.Rb1 c6 11.b3 Rc8 12.Bb2 Qf7 13.e3 Nc5 14.dxc6 bxc6 15.Nde2 g5
16.Ba3 Ne6 17.f4 gxf4 18.exf4 Rfd8 19.Qd3 Ne8 20.Rbd1 N8c7 21.Qe3 Re8 22.Kh1 c5
23.Qc1 Nd4 24.Nxd4 Bxd4 25.Ne2 Qf6 26.Nxd4 cxd4 27.Qd2 e5 28.g4 Na6 29.fxe5 dxe5
30.gxf5 Kh8 31.Qf2 Rg8 32.Be4 Rg4 33.Bd5 Nc7 34.Rg1 Nxd5 35.Rxg4 Ne3 36.Rdxd4 exd4
37.Rg3 Qxf5 38.Qxf5 Nxf5 39.Rg5 Rg8 40.Rxg8+ Kxg8 41.Kg2 Bc6+ 42.Kf2 Kf7
43.Bc5 a6 44.Ke2 Be4 45.b4 Ke6 46.a4 Kd7 47.a5 Kc6 48.Ba7  0-1

[Event "73rd Noteboom Mem"]
[Site "Leiden NED"]
[Date "2013.02.08"]
[Round "1.28"]
[White "Blom,V"]
[Black "Straver,R"]
[Result "0-1"]
[WhiteElo "2151"]
[BlackElo "2140"]

1.Nf3 f5 2.g3 Nf6 3.Bg2 g6 4.O-O Bg7 5.d4 O-O 6.c4 d6 7.Nc3 Nc6 8.Rb1 e5
9.d5 Na5 10.Nd2 c5 11.dxc6 Nxc6 12.b3 e4 13.e3 Be6 14.f3 Ng4 15.fxg4 Bxc3
16.gxf5 gxf5 17.Bh3 Rf6 18.Rf4 Qe7 19.a3 Be5 20.Rh4 Rg6 21.Kh1 Kh8 22.Qh5 Rag8
23.Bxf5 Bxf5 24.Qxf5 Qxh4 25.Qxg6 Bxg3 26.Bb2+ Ne5 27.Bxe5+ Bxe5  0-1

[Event "ch-TUR 2013"]
[Site "Antalya TUR"]
[Date "2013.02.09"]
[Round "11.76"]
[White "Akdogan,Alperen"]
[Black "Kansal,Evrim"]
[Result "1/2-1/2"]
[WhiteElo "1707"]
[BlackElo "1865"]

1.d4 f5 2.Nf3 Nf6 3.g3 g6 4.Bg2 Bg7 5.c4 O-O 6.O-O d6 7.Nc3 Nc6 8.d5 Na5
9.Qd3 c5 10.dxc6 Nxc6 11.Rd1 Kh8 12.Rb1 Be6 13.Ng5 Bg8 14.b3 h6 15.Nf3 a6
16.Bb2 Qe8 17.Nd5 Rd8 18.Qe3 Kh7 19.Nd4 e5 20.Nxc6 bxc6 21.Nxf6+ Bxf6 22.Qb6 e4
23.Qxa6 Ra8 24.Qb7+ Rf7 25.Qb4 Rxa2 26.Bxf6 Rxf6 27.Rxd6 Rxd6 28.Qxd6 Qe6
29.Qxe6 Bxe6 30.e3 Kg7 31.Bf1 Kf7 32.b4 Ke7 33.b5 c5 34.b6 Ra8 35.b7 Rb8
36.Rb6 Bf7 37.g4 Be6 38.gxf5 Bxf5 39.Rc6 Rxb7 40.Rxc5 Rb1 41.Kg2 Kd6 42.Ra5 Bg4
43.Kg3 Rxf1 44.Kxg4 Rxf2 45.Ra6+ Kc5 46.Rxg6 Kxc4 47.Rxh6 Kd3 48.h4 Kxe3
49.Re6 Rf8 50.h5 Kd3 51.h6 e3 52.Kg5 e2 53.h7  1/2-1/2

[Event "ch-ROU 2013"]
[Site "Baile Olanesti ROU"]
[Date "2013.02.18"]
[Round "3.28"]
[White "Glodeanu,I"]
[Black "Vrencian,Lehel"]
[Result "1-0"]
[WhiteElo "2180"]
[BlackElo "1934"]

1.Nf3 f5 2.g3 Nf6 3.Bg2 g6 4.O-O Bg7 5.d4 O-O 6.c4 d6 7.Nc3 Nc6 8.b3 Ne4
9.Bb2 e5 10.dxe5 Nxc3 11.Bxc3 dxe5 12.Qd5+ Qxd5 13.cxd5 Nd4 14.Bxd4 exd4
15.Rad1 c5 16.dxc6 bxc6 17.Nxd4 Ba6 18.Bxc6 Rac8 19.Bd5+ Kh8 20.Bc4 Bxc4
21.bxc4 Rfe8 22.e3 Rxc4 23.Rd2 Bxd4 24.exd4 Kg7 25.d5 Rd8 26.Re1 Kf7 27.Re5 Rd6
28.Rde2 Rc7 29.f4 Rcd7 30.Rd2 Kf6 31.Kf2 h6 32.h3 h5 33.h4 Kf7 34.Ke3 Kf6
35.Rd3 Ra6 36.a3 Ra4 37.Rc3 Re7 38.Rc6+ Kf7 39.Rxe7+ Kxe7 40.Rxg6 Rxa3+ 41.Kd4 a5
42.Ke5 a4 43.Rg7+ Kf8 44.Kf6 Rb3 45.Ra7 Kg8 46.d6 Rb6 47.Ke7 Kg7 48.d7  1-0

[Event "VI Karkonosze Open A"]
[Site "Karpacz POL"]
[Date "2013.02.18"]
[Round "3.1"]
[White "Szotkowski,J"]
[Black "Malaniuk,V"]
[Result "1-0"]
[WhiteElo "2144"]
[BlackElo "2515"]

1.Nf3 f5 2.c4 Nf6 3.g3 g6 4.Bg2 Bg7 5.O-O O-O 6.d4 d6 7.Nc3 Nc6 8.d5 Na5
9.Qd3 e5 10.dxe6 Bxe6 11.b3 Nc6 12.Bb2 Ne4 13.Rac1 a5 14.Ba1 Nb4 15.Qb1 Bxc3
16.Bxc3 Nxc3 17.Rxc3 Qf6 18.Re3 f4 19.gxf4 Bf5 20.Qd1 Nc2 21.Qd5+ Kh8 22.Qxb7 Nxe3
23.fxe3 Qe7 24.Ng5 h6 25.e4 hxg5 26.exf5 Rae8 27.fxg6 Rxf4 28.Rxf4 gxf4 29.Bf3 Rg8
30.Kh1 Rxg6 31.Qa8+ Kg7 32.Qxa5 Qe3 33.Qe1 Qd4 34.a4 Rg5 35.a5 Qc5 36.Qa1+ Qe5
37.Qxe5+ Rxe5 38.b4 Re3 39.b5 Ra3 40.b6 Rxa5 41.b7 Ra1+ 42.Kg2 Rb1 43.Bc6 Rb6
44.Kf3 d5 45.Bxd5 Kf6 46.Kxf4 Ke7 47.c5 Rb2 48.h4 Kd7 49.c6+ Kd6 50.Bf3 Ke6
51.e4 Rb4  1-0

[Event "ch-LTU SF 2013"]
[Site "Vilnius LTU"]
[Date "2013.02.27"]
[Round "6.3"]
[White "Vedrickas,T"]
[Black "Stremavicius,T"]
[Result "1/2-1/2"]
[WhiteElo "2261"]
[BlackElo "2172"]

1.d4 f5 2.c4 Nf6 3.Nf3 g6 4.g3 Bg7 5.Bg2 O-O 6.O-O d6 7.b4 c6 8.Bb2 e5 9.dxe5 Ng4
10.c5 dxc5 11.Qb3+ Kh8 12.h3 Nh6 13.bxc5 Qe7 14.Nbd2 Be6 15.Qa3 Nd7 16.Bd4 Bd5
17.Qb2 Rab8 18.Rac1 Rfe8 19.Nc4 Bxc4 20.Rxc4 Nxe5 21.Ra4 Nd7 22.Rxa7 Nxc5
23.Rc1 Ne6 24.Bxg7+ Qxg7 25.Qxg7+ Nxg7 26.e3 Nf7 27.Rd1 Red8 28.Rxd8+ Nxd8
29.Ne5 Nge6 30.g4 f4 31.h4 fxe3 32.fxe3 Rc8 33.g5 Rc7 34.Kf2 Kg7 35.a4 Kf8
36.a5 Nc5 37.Ra8 Ke7 38.Kg3 Nd7 39.Nc4 Nf7 40.Kf4 Nd6 41.Nb6 Nf8 42.e4 Ne6+
43.Ke3 Nf8 44.Bh3 Ne6 45.Rh8 Nf8 46.Na8 Rc8 47.Bxc8 Nxc8 48.e5 Kf7 49.Nb6 Ne7
50.e6+ Kg7 51.Rxf8 Kxf8 52.Nd7+ Ke8 53.Nc5 b6 54.axb6 Nd5+ 55.Kd4 Nxb6 56.Ne4 Ke7
57.Kc5 Na4+ 58.Kb4  1/2-1/2

[Event "TCh-CAT Div Hon 2013"]
[Site "Catalonia ESP"]
[Date "2013.03.09"]
[Round "8.7"]
[White "Fernandez Cazorla,A"]
[Black "Garrido Fernandez,Dan"]
[Result "0-1"]
[WhiteElo "2207"]
[BlackElo "2287"]

1.Nf3 f5 2.d4 Nf6 3.g3 g6 4.Bg2 Bg7 5.O-O O-O 6.c4 d6 7.Nc3 Qe8 8.d5 a5 9.Be3 Na6
10.Qc1 Bd7 11.Bh6 Nc5 12.Bxg7 Kxg7 13.Nd4 c6 14.a3 e5 15.dxe6 Bxe6 16.b4 Nce4
17.f3 Nxc3 18.Qxc3 Bg8 19.f4 Kh6 20.Bf3 Qe7 21.Kg2 Rfe8 22.h3 Ne4 23.Qc2 Qf7
24.Rac1 axb4 25.axb4 Qf6 26.Rfd1 Kg7 27.g4 fxg4 28.Bxe4 Qxf4 29.Bf3 gxf3+
30.Nxf3 Be6 31.Qb2+ Kg8 32.Rd4 Qf5 33.Rh1 Bf7 34.Qd2 Re4 35.Rxe4 Qxe4 36.Qxd6 Qxe2+
37.Kg3 Ra3 38.Qd8+ Qe8 39.Qxe8+ Bxe8 40.Kf4 c5 41.Re1 Bc6 42.Ng5 cxb4 43.Rb1 b3
44.Ke5 Ra5+ 45.Kf4 Rf5+ 46.Kg4 h5+ 47.Kh4 Ba4 48.Ne6 Re5 49.Ng5 Kg7 50.Rf1 Rf5
51.Re1 Kh6 52.Ne6 Rf3 53.Rg1 Bd7 54.Re1 Bxe6 55.Rxe6 b2  0-1

[Event "Karpos Open 2013"]
[Site "Skopje MKD"]
[Date "2013.03.12"]
[Round "5.100"]
[White "Gjorgjevski,Janco"]
[Black "Ipekci,Baris"]
[Result "1-0"]
[WhiteElo "1909"]
[BlackElo "1671"]

1.c4 f5 2.d4 Nf6 3.g3 g6 4.Bg2 Bg7 5.Nf3 O-O 6.O-O d6 7.Nc3 Qe8 8.b3 Na6
9.Bb2 c6 10.e3 Bd7 11.Rc1 Ne4 12.a3 Rc8 13.Ne2 h6 14.Ne1 e6 15.f3 Ng5 16.Qd2 Qe7
17.Nf4 Kh7 18.Nh3 Nxh3+ 19.Bxh3 g5 20.Nd3 Be8 21.Rce1 Bg6 22.b4 Nc7 23.c5 d5
24.Ne5 Bxe5 25.dxe5 Rcd8 26.Rf2 Rd7 27.Bf1 a6 28.Qc1 Qg7 29.a4 Rdd8 30.Bd4 Qd7
31.Qd2 Ra8 32.Qb2 Rg8 33.h3 Rg7 34.Rh2 Rf8 35.Qe2 Ra8 36.Kf2 h5 37.Qb2 Kg8
38.Bd3 Kf7 39.Qb1 Ke7 40.Rg1 Rag8 41.Rhg2 Bf7 42.Ke2 Rh8 43.Rh1 Qe8 44.Rgh2 Bg6
45.Kd2 Qf7 46.Rf1 f4 47.exf4 Bxd3 48.Qxd3 gxf4 49.g4 hxg4 50.fxg4 Rxg4 51.Rhf2 Rgh4
52.Qf3 Qf5 53.Rg2 Rxh3 54.Qxf4 Qxf4+ 55.Rxf4 Rh2 56.Rg4 Rxg2+ 57.Rxg2 Rh7
58.Be3 Rf7 59.Rg8 Rf8 60.Rg7+ Kd8 61.Bg5+ Kc8 62.Ke3 Kb8 63.Be7 Rc8 64.Bd6 a5
65.b5 cxb5 66.axb5 Ka7 67.Bxc7 a4 68.Bb6+ Ka8 69.Rg4 a3 70.Ra4+ Kb8 71.Rxa3 Rh8
72.Ra1 Rh3+ 73.Kf2 d4 74.Rg1 Rh8 75.Kf3  1-0

[Event "Karpos Open 2013"]
[Site "Skopje MKD"]
[Date "2013.03.14"]
[Round "7.52"]
[White "Vidic,M SLO"]
[Black "Posedaru,B"]
[Result "0-1"]
[WhiteElo "2096"]
[BlackElo "2337"]

1.d4 f5 2.c4 Nf6 3.Nf3 g6 4.g3 Bg7 5.Bg2 O-O 6.O-O d6 7.Nc3 Nc6 8.d5 Na5
9.Nd2 c5 10.Qc2 e5 11.dxe6 Bxe6 12.Nd5 Nc6 13.Nf3 Nxd5 14.cxd5 Bxd5 15.Rd1 Nb4
16.Qd2 Bc6 17.a3 Na6 18.Ng5 Bxg2 19.Kxg2 Nc7 20.Qxd6 Qxd6 21.Rxd6 Rfd8 22.Bf4 Nd5
23.Re6 h6 24.Nf3 Kf7 25.Re5 Nxf4+ 26.gxf4 Bxe5 27.Nxe5+ Ke6 28.Kf3 g5 29.e3 Rd2
30.Nc4 g4+ 31.Kg3 Rc2 32.b3 b5 33.Ne5 Rd8 34.b4 Rdd2 35.bxc5 Rxf2 36.Rg1 Rxh2
37.Nxg4 fxg4 38.e4 h5  0-1

[Event "Women Star Rapid 2013"]
[Site "Huashan City CHN"]
[Date "2013.03.20"]
[Round "4.3"]
[White "Huang Qian"]
[Black "Cmilyte,V"]
[Result "1-0"]
[WhiteElo "2476"]
[BlackElo "2514"]

1.Nf3 g6 2.d4 f5 3.g3 Nf6 4.Bg2 Bg7 5.O-O O-O 6.c4 d6 7.Nc3 c6 8.Rb1 a5 9.b3 Na6
10.Bb2 Qc7 11.d5 e5 12.dxe6 Bxe6 13.Nd4 Bf7 14.e4 fxe4 15.Nxe4 Nxe4 16.Bxe4 Nc5
17.Bg2 Rad8 18.Qc2 Rfe8 19.Rbd1 Qb6 20.Bc3 d5 21.cxd5 Bxd5 22.Bxd5+ cxd5
23.Nf3 Ne4 24.Bxg7 Kxg7 25.Qb2+ Kg8 26.Kg2 Rf8 27.Qd4 Qe6 28.Ne5 Rf5 29.Nd3 Rdf8
30.f3 Rh5 31.h4 Ng5 32.Nf4 Rxf4 33.Qxf4 Qe2+ 34.Kh1 Nh3 35.Qd2 Qe6 36.Kg2 Kg7
37.Rfe1 Qf5 38.Qd4+ Kh6 39.Re7  1-0

[Event "44th Marcel Duchamp"]
[Site "Buenos Aires ARG"]
[Date "2013.03.23"]
[Round "1.39"]
[White "Olmos,Cesar"]
[Black "Tovillas,D"]
[Result "0-1"]
[WhiteElo "1767"]
[BlackElo "2204"]

1.d4 f5 2.c4 Nf6 3.g3 g6 4.Bg2 Bg7 5.Nf3 O-O 6.O-O c6 7.Nc3 d6 8.Rb1 Kh8
9.Qc2 Be6 10.b3 d5 11.c5 Ne4 12.e3 Nd7 13.b4 a5 14.b5 Ndxc5 15.bxc6 bxc6
16.Ba3 Na6 17.Nxe4 dxe4 18.Ne5 c5 19.Bxc5 Bxe5 20.Bb6 Bc7 21.Bxc7 Qxc7 22.Qxc7 Nxc7
23.Rb7 Nd5 24.Rfb1 Bc8 25.R7b3 Ba6 26.Bf1 Bxf1 27.Kxf1 Kg7 28.h4 Kf7 29.Rb7 Rfc8
30.R1b2 Ke6 31.Kg2 Rc7 32.R7b5 a4 33.g4 fxg4 34.Kg3 h5 35.Rb8 Rxb8 36.Rxb8 Rc2
37.Ra8 Rxa2 38.Ra6+ Kf7 39.Ra5 Nf6 40.d5 a3 41.d6 exd6 42.Ra7+ Ke6 43.Ra5 Nd5  0-1

[Event "Nis Open 2013"]
[Site "Nis SRB"]
[Date "2013.03.25"]
[Round "6.8"]
[White "Mitrovic,Da1"]
[Black "Arandjelovic,A"]
[Result "1-0"]
[WhiteElo "2259"]
[BlackElo "1967"]

1.d4 f5 2.c4 Nf6 3.Nf3 g6 4.g3 Bg7 5.Bg2 O-O 6.O-O d6 7.b3 c6 8.Bb2 Qe8 9.Nbd2 h6
10.Qc2 Kh8 11.e4 fxe4 12.Nxe4 Nxe4 13.Qxe4 Bf5 14.Qe3 Nd7 15.Rfe1 Rf7 16.Nh4 Nf8
17.f4 Qd7 18.Nxf5 gxf5 19.Re2 d5 20.cxd5 cxd5 21.Rc1 e6 22.Rec2 Nh7 23.Qd2 Nf6
24.Qa5 b6 25.Qa6 Qb7 26.Bf1 Kh7 27.Qxb7 Rxb7 28.Ba6 Rd7 29.Bc8 Re7 30.Ba3 Re8
31.Rc6 Ne4 32.Bxe6 Bxd4+ 33.Kg2 Rxe6 34.Rxe6 Nc5 35.Bxc5 bxc5 36.Rd6 Re8
37.Rc2 Re1 38.Rxd5 Kg6 39.b4 Rg1+ 40.Kh3 Bf6 41.bxc5  1-0

[Event "TCh-NED Meesterklasse 2012-13"]
[Site "Netherland NED"]
[Date "2013.04.06"]
[Round "8.3"]
[White "Erwich,Frank"]
[Black "Pruijssers,R"]
[Result "0-1"]
[WhiteElo "2359"]
[BlackElo "2514"]

1.c4 f5 2.d4 Nf6 3.g3 g6 4.Bg2 Bg7 5.Nf3 O-O 6.O-O d6 7.Nc3 Na6 8.d5 Bd7
9.Nd4 Qe8 10.Rb1 c6 11.b3 Nc7 12.Qd2 c5 13.Nc2 b5 14.cxb5 Nxb5 15.Nxb5 Bxb5
16.Na3 a6 17.Bb2 Rf7 18.Rfc1 Ne4 19.Qd1 e6 20.dxe6 Qxe6 21.Bxg7 Kxg7 22.b4 Bc6
23.bxc5 dxc5 24.Qc2 f4 25.Rb6 fxg3 26.hxg3 Qf5 27.Rxc6 Qxf2+ 28.Kh1 Nxg3+
29.Kh2 Nxe2 30.Qb2+ Kh6  0-1

[Event "TCh-AUT 2 East 2012-13"]
[Site "Austria AUT"]
[Date "2013.04.07"]
[Round "11.3"]
[White "Sadilek,P"]
[Black "Beck,Hart"]
[Result "0-1"]
[WhiteElo "2248"]
[BlackElo "2295"]

1.d4 f5 2.g3 Nf6 3.Bg2 g6 4.Nf3 Bg7 5.O-O O-O 6.c4 d6 7.Nc3 Qe8 8.Nd5 Nxd5
9.cxd5 Nd7 10.Qb3 Nb6 11.Be3 e6 12.Ng5 exd5 13.Bxd5+ Nxd5 14.Qxd5+ Kh8 15.Rac1 Qe7
16.h4 c6 17.Qf3 h6 18.Nh3 Kh7 19.Nf4 Re8 20.b4 Qe4 21.d5 Qxf3 22.exf3 Bd7
23.Rfd1 Be5 24.Nd3 Bxg3 25.dxc6 Bxc6 26.b5 Bxf3 27.Rc7+ Kg8 28.Rdc1 Bxh4
29.Nf4 Bg5 30.Nxg6 Rxe3 31.fxe3 Bxe3+ 32.Kh2 Bxc1 33.Rxc1 Kf7 34.Nf4 Rg8
35.Rc3 Be4 36.Rc7+ Kf6 37.Nh5+ Ke5 38.Re7+ Kd4 39.Re6 Rg2+ 40.Kh3 Rxa2 41.Rxd6+ Kc5  0-1

[Event "23rd ch-SLO 2013"]
[Site "Sentjur SLO"]
[Date "2013.04.11"]
[Round "6.5"]
[White "Janzelj,T"]
[Black "Mazi,L"]
[Result "0-1"]
[WhiteElo "2281"]
[BlackElo "2355"]

1.d4 f5 2.g3 Nf6 3.Bg2 g6 4.Nf3 Bg7 5.O-O O-O 6.c4 d6 7.Nc3 c6 8.d5 Qc7 9.Nd4 Bd7
10.e4 fxe4 11.Nxe4 Nxe4 12.Bxe4 Na6 13.Bg2 Nc5 14.Be3 e5 15.Ne2 Rad8 16.b4 Na6
17.Qb3 c5 18.b5 Nb8 19.Nc3 Bf5 20.Ne4 h6 21.Rab1 Nd7 22.Bd2 Rf7 23.Qa3 Qb8
24.Qe3 Nf8 25.h3 g5 26.Rb3 Ng6 27.Kh2 Rdf8 28.Qe2 Bd7 29.Bf3 Bf5 30.Be1 Ne7
31.Bh5 Bg6 32.Bxg6 Nxg6 33.Qg4 Ne7 34.Qe6 Nf5 35.Rd3 Kh7 36.Rf3 Nd4 37.Rxf7 Nxe6
38.dxe6 Rxf7 39.exf7 Qc7 40.Bd2 Qxf7 41.Nxd6 Qg6 42.Nxb7 Qd3  0-1

[Event "7th Agzamov Memorial"]
[Site "Tashkent UZB"]
[Date "2013.04.17"]
[Round "4"]
[White "Kazhgaleyev,M"]
[Black "Dzhumaev,M"]
[Result "1/2-1/2"]
[WhiteElo "2594"]
[BlackElo "2557"]

1.d4 f5 2.g3 Nf6 3.Bg2 g6 4.Nf3 Bg7 5.O-O O-O 6.c4 d6 7.Nc3 Qe8 8.b3 Na6
9.Ba3 h6 10.Qc2 g5 11.e4 fxe4 12.Nxe4 Qg6 13.Nxf6+ Qxf6 14.Rae1 Bf5 15.Qd2 c6
16.Bb2 Rf7 17.Re3 Qg6 18.Rfe1 Bf6 19.Qa5 Raf8 20.b4 Bg4 21.h3 Bxf3 22.Bxf3 Qc2
23.Bc3 Bg7 24.R1e2 Qd1+ 25.Re1 Qc2 26.R1e2 Qd1+ 27.Re1 Qc2  1/2-1/2

[Event "ch-LAT 2013"]
[Site "Riga LAT"]
[Date "2013.04.20"]
[Round "9.12"]
[White "Indricans,Olgerts"]
[Black "Krustkalns,K"]
[Result "0-1"]
[WhiteElo "2120"]
[BlackElo "2244"]

1.Nf3 f5 2.d4 Nf6 3.g3 g6 4.Bg2 Bg7 5.O-O O-O 6.c4 d6 7.Nc3 c6 8.Qc2 Qe8
9.Re1 h6 10.e4 fxe4 11.Nxe4 Qf7 12.Nxf6+ Qxf6 13.Be3 a5 14.Rac1 Na6 15.a3 Nc7
16.Nd2 Ne6 17.Ne4 Qf5 18.Qd2 g5 19.d5 Nd8 20.Bb6 Nf7 21.Be3 Bd7 22.f4 gxf4
23.Bxf4 Qh5 24.Nf2 Ne5 25.Bxe5 Bxe5 26.c5 dxc5 27.Rxc5 b6 28.Rc4 c5 29.d6 Rxf2
30.Qxf2 Rf8 31.Qd2 exd6 32.Qd5+ Kh8 33.Rh4 Qg5 34.b4 axb4 35.axb4 Rf5 36.Qa8+ Kg7
37.Qb7 Rf7 38.Qxb6 Qd2 39.Rhe4 Rf2 40.Rg4+ Bxg4 41.Qb7+ Rf7 42.Qe4 Bf5 43.Qe2 Qxe2
44.Rxe2 cxb4  0-1

[Event "48th Capablanca Open I 2013"]
[Site "Havana CUB"]
[Date "2013.04.22"]
[Round "2.49"]
[White "Ragolta Franco,E"]
[Black "Franco Valencia,A"]
[Result "1-0"]
[WhiteElo "2301"]
[BlackElo "2167"]

1.d4 f5 2.Nf3 Nf6 3.g3 g6 4.Bg2 Bg7 5.O-O O-O 6.c4 d6 7.Nc3 Qe8 8.d5 Na6
9.Rb1 c6 10.Nd4 Bd7 11.e3 Rc8 12.b3 Qf7 13.Bb2 Nc5 14.b4 Nce4 15.Nxe4 fxe4
16.dxc6 bxc6 17.Qc2 e5 18.Nb3 Bg4 19.h3 Bf3 20.Bxf3 exf3 21.Kh2 Qe6 22.e4 h6
23.Rbd1 Nh7 24.Bc1 Ng5 25.Bxg5 hxg5 26.Qd3 Rcd8 27.Na5 g4 28.Nxc6 Rd7 29.Qd5 Kf7
30.Rfe1 Rh8 31.Kg1 gxh3 32.Rd3 Bf6 33.Rxf3 Rc7 34.b5 a6 35.a4 Rxc6 36.bxc6 Ke7
37.Rb3 Qxd5 38.cxd5 Bg5 39.Rb7+ Kf6 40.c7  1-0

[Event "Nakhchivan Open A 2013"]
[Site "Nakhchivan AZE"]
[Date "2013.04.24"]
[Round "3.29"]
[White "Rahmanov,S"]
[Black "Zeynalov,F"]
[Result "1-0"]
[WhiteElo "2230"]
[BlackElo "2320"]

1.d4 f5 2.Nf3 Nf6 3.g3 g6 4.Bg2 Bg7 5.O-O O-O 6.c4 d6 7.Nc3 Qe8 8.d5 Na6
9.Nd4 Bd7 10.Rb1 c6 11.b4 Rc8 12.dxc6 bxc6 13.b5 cxb5 14.cxb5 Rxc3 15.Bb2 Rc5
16.bxa6 Ra5 17.Qb3+ e6 18.Bb7 Ne4 19.Qb4 Ra4 20.Qe1 Bxd4 21.Bxd4 Rxd4 22.Bxe4 Rxe4
23.Rb7 Bc8 24.Rxa7 Qc6 25.Qc1 Rc4 26.Qh6 Bd7 27.h4 Ra8 28.Rb7 Rxa6 29.Rfb1 Ra8
30.h5 Rc8 31.Kh2 Re8 32.hxg6 Re7 33.Qg5 Rg7 34.R1b6 hxg6 35.Rxc6 Bxc6 36.Qd8+ Kh7
37.Rxg7+ Kxg7 38.Qe7+ Kh6 39.Qxe6 d5 40.f3 Kg7 41.Kg1 Rc1+ 42.Kf2 Rc4 43.Ke3 Kh6
44.Qe5 Kh7 45.Kd2 Kg8 46.a4  1-0

[Event "48th Capablanca Open I 2013"]
[Site "Havana CUB"]
[Date "2013.04.27"]
[Round "6.36"]
[White "Alvarez,Ro1"]
[Black "Enrique,E"]
[Result "1-0"]
[WhiteElo "2400"]
[BlackElo "2267"]

1.d4 f5 2.Nf3 Nf6 3.g3 g6 4.Bg2 Bg7 5.O-O O-O 6.c4 d6 7.Nc3 Nc6 8.Qb3 Kh8
9.Rd1 Na5 10.Qa4 c6 11.c5 b5 12.Qc2 Rb8 13.b4 Nc4 14.a4 a6 15.axb5 axb5 16.Ra7 Rb7
17.Ra8 Qc7 18.e4 fxe4 19.Nxe4 Bf5 20.Rxf8+ Bxf8 21.Nh4 Bxe4 22.Bxe4 Nxe4
23.Qxe4 d5 24.Qe6 Qd7 25.Re1 Bg7 26.Nf3 Qxe6 27.Rxe6 Rc7 28.Bf4 Rc8 29.Rxe7 Na3
30.Be5 Bxe5 31.dxe5 Nc2 32.Ng5 Nxb4 33.Nxh7 Na6 34.e6 b4 35.Nf6 Rc7 36.Rd7  1-0

[Event "46th ch-JPN"]
[Site "Tokyo JPN"]
[Date "2013.05.03"]
[Round "5.6"]
[White "Hokao,Kazuhiro"]
[Black "Kobayashi,A"]
[Result "0-1"]
[WhiteElo "1966"]
[BlackElo "2011"]

1.Nf3 g6 2.d4 f5 3.c4 Bg7 4.g3 Nf6 5.Bg2 O-O 6.O-O d6 7.b3 e5 8.dxe5 dxe5
9.Ba3 Qxd1 10.Rxd1 Re8 11.Nc3 c6 12.Rac1 Na6 13.Bd6 Ng4 14.h3 Nh6 15.Ng5 Bf6
16.h4 Bxg5 17.hxg5 Nf7 18.f4 Nxd6 19.Rxd6 e4 20.Rcd1 Nc7 21.Kf2 a5 22.Ke3 Ne6
23.Na4 Ra6 24.c5 Nc7 25.Nb6 Be6 26.Rd8 Kf7 27.Rxe8 Kxe8 28.Kd4 Nd5 29.Nc4 Ke7
30.Rh1 Bg8 31.g4 Nxf4 32.Bf1 Ne6+ 33.Ke5 fxg4 34.Ne3 Nxg5 35.Nxg4 Be6 36.Kf4 Bxg4
37.Kxg4 Kf6 38.Bg2 h5+ 39.Kh4 Ne6 40.Rc1 g5+ 41.Kg3 Nf4 42.Bf1 h4+ 43.Kg4 Nd5
44.Bh3 Ne3+ 45.Kh5 Ra8  0-1

[Event "FSGM May 2013"]
[Site "Budapest HUN"]
[Date "2013.05.08"]
[Round "6.1"]
[White "Berczes,D"]
[Black "Chernyshov,K"]
[Result "1/2-1/2"]
[WhiteElo "2532"]
[BlackElo "2518"]

1.d4 f5 2.g3 Nf6 3.Bg2 g6 4.Nf3 Bg7 5.O-O O-O 6.c4 d6 7.Nc3 c6 8.Rb1 Kh8
9.d5 e5 10.dxe6 Bxe6 11.b3 Na6  1/2-1/2

[Event "SCT Seniors 2013"]
[Site "Stockholm SWE"]
[Date "2013.05.09"]
[Round "3.6"]
[White "Mishuchkov,N"]
[Black "Marusenko,P"]
[Result "1-0"]
[WhiteElo "2365"]
[BlackElo "2213"]

1.Nf3 f5 2.g3 Nf6 3.Bg2 g6 4.d4 Bg7 5.O-O O-O 6.c4 d6 7.Nc3 Qe8 8.Nd5 Nxd5
9.cxd5 Nd7 10.Ng5 Nb6 11.a4 h6 12.a5 hxg5 13.axb6 cxb6 14.Bxg5 Bf6 15.Qd2 Qd8
16.h4 b5 17.e4 Qb6 18.e5 dxe5 19.dxe5 Bxe5 20.Bxe7 Re8 21.d6 Be6 22.Rae1 Rxe7
23.dxe7 Bf6 24.Rxe6  1-0

[Event "BSG Pinkstertoernooi 2013"]
[Site "Bussum NED"]
[Date "2013.05.20"]
[Round "6.1"]
[White "Riemersma,L"]
[Black "Reinderman,D"]
[Result "1/2-1/2"]
[WhiteElo "2427"]
[BlackElo "2571"]

1.d4 f5 2.g3 Nf6 3.Bg2 g6 4.Nf3 Bg7 5.O-O O-O 6.c4 d6 7.Nc3 c6 8.d5 e5 9.dxe6 Bxe6
10.b3 Na6 11.Ng5 Qe7 12.Ba3 Nc5 13.Qd2 Rad8 14.Rad1 Bc8 15.b4  1/2-1/2

[Event "BSG Pinkstertoernooi 2013"]
[Site "Bussum NED"]
[Date "2013.05.20"]
[Round "6.6"]
[White "Vereggen,L"]
[Black "Le Quang Long"]
[Result "1/2-1/2"]
[WhiteElo "2068"]
[BlackElo "2366"]

1.Nf3 f5 2.d4 Nf6 3.c4 g6 4.g3 Bg7 5.Bg2 O-O 6.O-O d6 7.Nc3 c6 8.b3 Qc7 9.Bb2 e5
10.dxe5 dxe5 11.e4 f4 12.Qc2 Bg4 13.Rad1 Nbd7 14.Ba3 Rfe8 15.Bd6 Qa5 16.b4 Qa6
17.c5 Qc4 18.Rfe1 fxg3 19.hxg3 Qxb4 20.Rb1 Qa5 21.Rxb7 Bxf3 22.Bxf3 Nxc5
23.Bxc5 Qxc5 24.Qb3+ Kh8 25.Na4 Qa5 26.Rc1 Bh6 27.Rxc6 Qe1+ 28.Kg2 Nxe4 29.Qc2 Ng5
30.Rcc7 Rg8 31.Nc5 Rg7 32.Qe2 Qxe2 33.Bxe2 Rxc7 34.Rxc7 Bf8 35.Nd7 Ne6 36.Rc4 Bg7
37.Re4 Ng5 38.Ra4 e4 39.Bc4 a5 40.Bd5 Rd8 41.Rxa5 Rxd7 42.Ra8+ Bf8 43.Rxf8+ Kg7
44.Rg8+ Kf6 45.Bc6 Rd6 46.Rc8 e3 47.fxe3 Rd2+ 48.Kf1 Rxa2 49.Rf8+ Ke5 50.Re8+ Kf6
51.Rf8+ Kg7 52.Rf2 Ra3 53.Re2 Nf7 54.Kg2 Ne5 55.Bd5 Kf6 56.Rf2+ Kg5 57.Re2 Rd3
58.Be6 Rd6 59.Bc8 Rc6 60.Bb7 Rc3 61.Bd5 h5 62.Be6 Rc6 63.Bd5 Rc3 64.Be6 Kf6
65.Bd5 Ng4 66.Kf3 Ra3 67.Bb7 Ke5 68.Bc8 Nf6 69.Kg2 Nd5 70.Kf3 g5 71.Bb7 Nc3
72.Rd2 Rb3 73.Ba8 Rb8 74.Bc6 Rc8 75.Bb7 Rc7 76.Ba8 Rf7+ 77.Kg2 Ra7 78.Bc6 Ra1
79.Bb7 g4 80.Bc6 Ra5 81.Kf2 Rc5 82.Bg2 Rc7 83.Ke1 Ra7 84.Rc2 Ra3 85.Bb7 Kd6
86.Rd2+ Kc5 87.Bg2 Kc4 88.Rd4+ Kb3 89.Bc6 Ra1+ 90.Kf2 Ra2+ 91.Kf1 Rh2 92.Be8 Ne2
93.Rd5 Nxg3+ 94.Kg1 Re2 95.Bxh5 Nxh5 96.Rxh5 Rxe3 97.Rg5 Re4  1/2-1/2

[Event "Hungarian National Open 2013"]
[Site "Zalakaros HUN"]
[Date "2013.05.25"]
[Round "4"]
[White "Stifter,Ewald"]
[Black "Suto,G"]
[Result "1/2-1/2"]
[WhiteElo "2013"]
[BlackElo "2193"]

1.Nf3 g6 2.g3 Bg7 3.d4 f5 4.c4 Nf6 5.Bg2 O-O 6.O-O d6 7.Qb3 Ne4 8.Nc3 Nc6
9.Be3 Nxc3 10.Qxc3 a5 11.a3 a4 12.b4 axb3 13.Qxb3 Na5 14.Qc2 c6 15.Rab1 Bd7
16.Nd2  1/2-1/2